Văn học Việt Nam : Đối kháng Trung Hoa . t. I : Từ đầu đến 1428 /

Guardat en:
Dades bibliogràfiques
Autor principal: Thanh Lãng
Format: Sách giấy
Idioma:Vietnamese
Publicat: Sàigòn : Phong trào văn hoá , 1971
Etiquetes: Afegir etiqueta
Sense etiquetes, Sigues el primer a etiquetar aquest registre!
Thư viện lưu trữ: Thư viện Trường Đại học Đà Lạt
LEADER 00637nam a2200253 4500
001 DLU020012427
005 ##5/25/2000
020 # # |a 978- 
041 # # |a vie 
082 # # |a 895.922  |b TH-L 
090 # # |a 895.922  |b TH-L 
100 # # |a Thanh Lãng 
245 # # |a Văn học Việt Nam :  |b Đối kháng Trung Hoa .  |n t. I :  |p Từ đầu đến 1428 /  |c Thanh Lãng 
260 # # |a Sàigòn :  |b Phong trào văn hoá ,  |c 1971 
300 # # |a 280 tr.;   |c 20.5 cm. 
992 # # |a 280 
994 # # |a DLU 
900 # # |a False 
911 # # |a Administrator 
925 # # |a G 
926 # # |a A 
927 # # |a SH 
980 # # |a Thư viện Trường Đại học Đà Lạt